Banderas Muy Dificil - Estadísticas

Estadísticas generales
  • Esta prueba ha sido intentada 95 veces
    73 desde el último reinicio
  • La puntuación promedio es 115 de 455
Estadísticas de respuestas
Imagen Respuesta % Correcto
República de Bielorrusia
92%
República de Senegal
69%
Antigua y Barbuda
63%
República de Panamá
63%
República de Maldivas
61%
Unión de Republicas Socialistas Soviéticas (URSS)
61%
República de Islandia
59%
República Gabonesa
59%
Castilla y León (España)
57%
República de Filipinas
57%
Reino de España
53%
República de Angola
53%
República de Cuba
53%
República de Estonia
51%
Isla de Man (Reino Unido)
49%
Región Administrativa Especial de Hong Kong de la República Popular China
49%
Reino de Bután
49%
República de Colombia
49%
Ucrania
49%
Barbados
47%
Escocia (Reino Unido)
47%
República Checa
47%
República de Costa Rica
47%
República de la India
47%
República de Lituania
47%
República de Turquía
47%
República de Yemen
47%
República Eslovaca (Eslovaquia)
47%
República Francesa
47%
República Popular China
47%
República Popular Democrática de Corea
47%
Sultanato de Omán
47%
Estado de Palestina
45%
Islas Feroe (Dinamarca)
45%
República de Liberia
45%
República de Uganda
45%
República Helénica (Grecia)
45%
República Islámica de Irán
45%
Unión de las Comoras
45%
Mancomunidad de Dominica
43%
Reino de Camboya
43%
República de Ghana
43%
República de Kosovo
43%
República del Ecuador
43%
República de Malawi
43%
República Islámica de Pakistán
43%
República Socialista de Vietnam
43%
Unión Europea
43%
Bermudas (Reino Unido)
41%
Bolivia (Sin escudo)
41%
Estado de Kuwait
41%
Estado del Japón
41%
Estados Federados de Micronesia
41%
Estados Unidos Mexicanos
41%
Georgia
41%
Gibraltar (Reino Unido)
41%
Groenlandia (Dinamarca)
41%
Mancomunidad de Australia
41%
Polinesia Francesa (Francia)
41%
Principado de Mónaco
41%
Reino de Dinamarca
41%
Reino de Lesoto
41%
Reino de Suazilandia
41%
República Bolivariana de Venezuela
41%
República de Albania
41%
República de Chile
41%
República de Chipre
41%
República de El Salvador
41%
República de Finlandia
41%
República de Sudáfrica
41%
República de Uzbekistán
41%
República Federativa del Brasil
41%
República Oriental del Uruguay
41%
Belice
39%
Canadá
39%
Comunidad Valenciana (España)
39%
Confederación Suiza
39%
Departamento de San Pedro y Miquelón (Francia)
39%
Emiratos Árabes Unidos
39%
Estado de Catar
39%
Estado de Israel
39%
Estado de la Ciudad del Vaticano
39%
Estado Libre Asociado de Puerto Rico (Estados Unidos)
39%
Estado Plurinacional de Bolivia
39%
Estados Unidos de América
39%
Federación de Rusia
39%
Gales (Reino Unido)
39%
Inglaterra (Reino Unido)
39%
Mongolia
39%
Principado de Andorra
39%
Reino de Arabia Saudita
39%
Reino de Baréin
39%
Reino de Bélgica
39%
Reino de Marruecos
39%
Reino de Noruega
39%
Reino de Suecia
39%
Reino de Tailandia
39%
Reino de Tonga
39%
República Árabe de Egipto
39%
República Argentina
39%
República Centroafricana
39%
República Cooperativa de Guyana
39%
República de Armenia
39%
República de Bulgaria
39%
República de Burundi
39%
República de Cabo Verde
39%
República de Camerún
39%
República de China
39%
República de Corea
39%
República de Costa de Marfil
39%
República de Croacia
39%
República de Irlanda
39%
República de Kazajistán
39%
República de las Islas Marshall
39%
República de las Seychelles
39%
República del Chad
39%
República de Letonia
39%
República del Paraguay
39%
República del Perú
39%
República de Macedonia del Norte
39%
República Democrática del Congo
39%
República Democrática Federal de Etiopía
39%
República Democrática Socialista de Sri Lanka
39%
República de Moldavia
39%
República de Montenegro
39%
República de Mozambique
39%
República de Nauru
39%
República de Serbia
39%
República de Sierra Leona
39%
República de Surinam
39%
República de Vanuatu
39%
República de Zambia
39%
República Dominicana
39%
República Federal de Alemania
39%
República Federal Democrática de Nepal
39%
República Federal de Nigeria
39%
República Federal de Somalia
39%
República Italiana
39%
República Kirguisa
39%
República Libanesa
39%
República Portuguesa
39%
República Tunecina
39%
Rumania
39%
Santa Lucía
39%
Serenísima República de San Marino
39%
Burkina Faso
37%
Cataluña (España)
37%
Departamento de Mayotte (Francia)
37%
Estado de Eritrea
37%
Estado de Libia
37%
Estado Independiente de Papúa Nueva Guinea
37%
Federación de Malasia
37%
Granada
37%
Gran Ducado de Luxemburgo
37%
Hungría
37%
Irlanda del Norte (Reino Unido)
37%
Jamaica
37%
Mancomunidad de las Bahamas
37%
Nueva Zelanda
37%
País Vasco (España)
37%
Región Administrativa Especial de Macao de la República Popular China (China)
37%
Reino Hachemita de Jordania
37%
Reino Unido de Gran Bretaña e Irlanda del Norte
37%
República Argelina Democrática y Popular
37%
República de Austria
37%
República de Azerbaiyán
37%
República de Botsuana
37%
República de Eslovenia
37%
República de Guatemala
37%
República de Guinea Ecuatorial
37%
República de Haití
37%
República de Honduras
37%
República de Indonesia
37%
República de Irak
37%
República de Kenia
37%
República de Kiribati
37%
República de Madagascar
37%
República de Malta
37%
República Democrática de Timor Oriental
37%
República Democrática Popular Lao
37%
República de Palaos
37%
República de Polonia
37%
República de Singapur
37%
República de Trinidad y Tobago
37%
República Popular de Bangladés
37%
Sultanato Islámico de Brunei
37%
Aragón (España)
35%
Estado Español
35%
Estado Independiente de Samoa
35%
La Antártida
35%
Montserrat (Reino Unido)
35%
Organización de las Naciones Unidas
35%
Reino de los Países Bajos
35%
República de Benín
35%
República de la Unión de Myanmar
35%
República del Níger
35%
República de Nicaragua
35%
República de Tayikistán
35%
República de Turkmenistán
35%
República de Yibuti
35%
República Islámica de Mauritania
35%
República Togolesa (Togo)
35%
Territorio de la Isla de Navidad (Australia)
35%
Anguila (Reino Unido)
33%
Aruba (Países Bajos)
33%
Bosnia y Herzegovina
33%
Comunidad de Madrid (España)
33%
Galicia (España)
33%
Guam (Estados Unidos)
33%
Nueva Caledonia (Francia)
33%
Organización del Tratado del Atlántico Norte (OTAN)
33%
Principado de Liechtenstein
33%
República Árabe Siria
33%
República de Fiyi
33%
República Democrática de Santo Tomé y Príncipe
33%
República Democrática Federal de Yugoslavia
33%
República de Namibia
33%
República de Ruanda
33%
República de Sudán del Sur
33%
República de Zimbabue
33%
República Unida de Tanzania
33%
Samoa Americana (Estados Unidos)
33%
Tuvalu
33%
Andalucía (España)
31%
Comunidad Foral de Navarra (España)
31%
Imperio Romano
31%
Isla de Pascua (Chile)
31%
Islas Cook (Nueva Zelanda)
31%
Niue (Nueva Zelanda)
31%
Principado de Asturias (España)
31%
Reino de Castilla
31%
República del Congo
31%
República del Gambia
31%
República de Malí
31%
República de Sudán
31%
San Vicente y las Granadinas
31%
Tercer Reich
31%
Bailía de Jersey (Corona Británica)
29%
Castilla la Mancha (España)
29%
Departamento de Ultramar de la Guayana Francesa (Francia)
29%
Islas Baleares (España)
29%
Islas Canarias (España)
29%
Movimiento Independentista Catalán (España)
29%
República de Guinea
29%
República de Guinea-Bisáu
29%
República Española
29%
República Islámica de Afganistán
29%
San Martín (Países Bajos)
29%
Texas (Estados Unidos)
29%
Bailía de Guernsey (Corona Británica)
27%
Guadalupe (Variante negra) (Francia)
27%
Imperio Japonés
27%
Islas Åland (Finlandia)
27%
Islas Malvinas (Reino Unido)
27%
Islas Salomón
27%
Islas Vírgenes Británicas (Reino Unido)
27%
Islas Vírgenes de los Estados Unidos (Estados Unidos)
27%
La Rioja (España)
27%
Mancomunidad de las Islas Marianas del Norte (Estados Unidos)
27%
República de Mauricio
27%
República de Somalilandia (Somalia)
27%
República Turca del Norte de Chipre (Chipre del Norte) (Turquía)
27%
Territorio británico de ultramar Islas Pitcairn (Reino Unido)
27%
Territorio de la Isla Norfolk (Australia)
27%
tierras australes y antárticas francesas (Francia)
27%
Tokelau (Nueva Zelanda)
27%
Washington (Estados Unidos)
27%
Bonaire (Países Bajos)
24%
California (Estados Unidos)
24%
Federación de San Cristóbal y Nieves
24%
Islas Turcas y Caicos (Reino Unido)
24%
País de Curazao (Países Bajos)
24%
Región Autónoma del Tíbet (China)
24%
República Árabe Saharaui Democrática
24%
República de Abjasia (Georgia)
24%
Extremadura (España)
22%
Guadalupe (Variante roja) (Francia)
22%
Islas Caimán (Reino Unido)
22%
Islas Cocos (Australia)
22%
Martinica (Francia)
22%
Región Autónoma de Cerdeña (Italia)
22%
Región de Murcia (España)
22%
Territorio Británico del Océano indico (Reino Unido)
22%
Ceuta (España)
20%
Estado Federal de Prusia
20%
Imperio Colonial Italiano
20%
Organización Mundial de la Salud
20%
Reino de Bulgaria
20%
República de Córcega (Francia)
20%
Imperio Colonial Alemán
18%
Isla de la Reunión (Francia)
18%
Reino de Portugal
18%
República Checoslovaca
18%
República de Osetia del Sur (Georgia)
18%
Santa Elena (Reino Unido)
18%
Arizona (Estados Unidos)
16%
Bereberes
16%
Cantabria (España)
16%
Gran Imperio Mongol
16%
Hawaii (Estados Unidos)
16%
Monarquía austrohúngara
16%
San Bartolomé (Francia)
16%
Territorio de las Islas Wallis y Futuna (Francia)
16%
Isla Ascensión (Reino Unido)
14%
Islas Georgias del Sur y Sandwich del Sur (Reino Unido)
14%
La Región de Kurdistán (Turquía, Irán, Irak y Siria)
14%
Melilla (España)
14%
Ohio (Estados Unidos)
14%
República de Artsaj (Azerbaiyán)
14%
Sacro Imperio Romano Germánico
14%
San Eustaquio (Países Bajos)
14%
Alaska (Estados Unidos)
12%
Estados Confederados de América
12%
Francia de Vichy (Francia)
12%
Imperio Ruso
12%
República de Moldavia de Pridnestrovia (Transnistria) (Moldavia)
12%
Tristán de Acuña (Reino Unido)
12%
Arkansas (Estados Unidos)
10%
Crimea (Ucrania/Rusia)
10%
Dinastía Qing
10%
El Sublime Estado Otomano
10%
Imperio del Brasil
10%
Isla Wake (Estados Unidos)
10%
Segundo Imperio Francés
10%
Misisipi (Estados Unidos)
8%
Oregón (Estados Unidos)
8%
Pacto de Varsovia
8%
República Democrática Alemana
8%
Saba (Países Bajos)
8%
Vietnam del Sur (Vietnam)
8%
Wyoming (Estados Unidos)
8%
Alabama (Estados Unidos)
6%
Colorado (Estados Unidos)
6%
Georgia (Estados Unidos)
6%
Illinois (Estados Unidos)
6%
Imperio Bizantino
6%
Maryland (Estados Unidos)
6%
Nebraska (Estados Unidos)
6%
Nueva York (Estados Unidos)
6%
Papua Occidental (Indonesia)
6%
Reino de Grecia
6%
Templarios
6%
Unión Estatal de Serbia y Montenegro
6%
Yemen del Sur
6%
Antártida Argentina (Argentina)
4%
Archipiélago Juan Fernández (Chile)
4%
Carolina del Sur (Estados Unidos)
4%
Dakota del Sur (Estados Unidos)
4%
Delaware (Estados Unidos)
4%
Florida (Estados Unidos)
4%
Imperio Británico
4%
Indiana (Estados Unidos)
4%
Iowa (Estados Unidos)
4%
Luisiana (Estados Unidos)
4%
Minnesota (Estados Unidos)
4%
Nuevo México (Estados Unidos)
4%
Principado de Sealand
4%
Reino de Francia
4%
República Socialista Soviética de Bielorrusia (URSS)
4%
República Socialista Soviética de Letonia (URSS)
4%
República Socialista Soviética de Moldavia (URSS)
4%
República Social Italiana
4%
Romanís
4%
Tennessee (Estados Unidos)
4%
Territorio Antártico Británico (Reino Unido)
4%
Utah (Estados Unidos)
4%
Viet Cong
4%
Abisinia
2%
Aborígenes Australianos
2%
Carolina del Norte (Estados Unidos)
2%
Connecticut (Estados Unidos)
2%
Estado de Puntlandia de Somalia (Somalia)
2%
Federación de las Indias Occidentales
2%
Idaho (Estados Unidos)
2%
Imperio Aqueménida
2%
Imperio Romano de Occidente
2%
Inuits
2%
Islas Chatham (Nueva Zelanda)
2%
Islas Marquesas (Polinesia Francesa) (Francia)
2%
Kansas (Estados Unidos)
2%
La Horda de Oro
2%
Maine (Estados Unidos)
2%
Maoris
2%
Massachusetts (Estados Unidos)
2%
Míchigan (Estados Unidos)
2%
Misuri (Estados Unidos)
2%
Nevada (Estados Unidos)
2%
Nueva Jersey (Estados Unidos)
2%
Nuevo Hampshire (Estados Unidos)
2%
Oklahoma (Estados Unidos)
2%
Padania (Italia)
2%
Pensilvania (Estados Unidos)
2%
Reino de Jerusalén
2%
República Socialista Federativa Soviética de Rusia (URSS)
2%
República Socialista Soviética de Armenia (URSS)
2%
República Socialista Soviética de Kirguistán (URSS)
2%
República Socialista Soviética de Tayikistán (URSS)
2%
República Socialista Soviética de Uzbekistán (URSS)
2%
Rhode Island (Estados Unidos)
2%
Tartaros de Crimea
2%
Territorio Chileno Antártico (Chile)
2%
Vermont (Estados Unidos)
2%
Virginia (Estados Unidos)
2%
Virginia Occidental (Estados Unidos)
2%
Zanzíbar
2%
Archipiélago de Chagos (Reino Unido/Mauricio)
0%
Asirios
0%
Bandera de San Patricio
0%
Batwas
0%
Cheroquis
0%
Confederación de Senegambia
0%
Dakota del Norte (Estados Unidos)
0%
Degar
0%
Estado de Azad Jammu y Cachemir (Pakistán)
0%
Estado Libre del Congo
0%
Estados Unidos del Brasil
0%
Federación de Repúblicas Árabes
0%
Guna Yala
0%
Imperio Etíope
0%
Imperio Maurya
0%
Imperio Mongol de la India
0%
Imperio Neerlandés
0%
Imperio Tibetano
0%
Islas de la Lealtad (Nueva Caledonia) (Francia)
0%
Kanato Túrquico Oriental
0%
Kentucky (Estados Unidos)
0%
La Unión de América
0%
Montana (Estados Unidos)
0%
Monte Athos (Grecia)
0%
Moresnet Neutral
0%
Ocupación Aliada de Alemania
0%
Primer Imperio Mexicano
0%
Reino de Burundi
0%
Reino del Congo
0%
Reino de Wurtemberg
0%
República Árabe Unida
0%
República del Rif (1921-1926)
0%
República de Tangancia
0%
República de Weimar
0%
República Popular del Congo
0%
República Socialista Soviética de Azerbaiyán (URSS)
0%
República Socialista Soviética de Estonia (URSS)
0%
República Socialista Soviética de Georgia (URSS)
0%
República Socialista Soviética de Kazajistán (URSS)
0%
República Socialista Soviética de Lituania (URSS)
0%
República Socialista Soviética de Turkmenistán (URSS)
0%
República Socialista Soviética de Ucrania (URSS)
0%
San Andrés y Providencia (Colombia)
0%
Segundo Imperio Mexicano
0%
Shan
0%
Templarios
0%
Territorio Antártico Australiano (Australia)
0%
Timor Timur (1976-1999) (Indonesia)
0%
Wisconsin (Estados Unidos)
0%
Yemen del Norte
0%
No se encontraron pruebas coincidentes
Distribución de puntuación
Porcentaje de gente con cada puntuación
Porcentaje por número respondido
Historial de tus puntuaciones
No has intentado esta prueba desde el último reinicio